000 00410cam a2200169ua 4500
041 _aeng
_h
082 _a823.308
_bHUG/LE
100 _aHugo, Victor .
245 _aLes miserables vol-2 /
_cVictor Hugo.
_hTextual Documents
250 _a1 /
_b.
260 _aLondon :
_bJ M Dent and Sons Ltd ,
_c1959.
300 _a724 ; .
504 _a
942 _cBK
999 _c7866
_d7866